La excepcionalidad costarricense en crisis: contienda electoral y alternativa progresista /
Este artículo pretende plasmar los realineamientos políticos presentados a partir de las elecciones presidenciales del año 2014 en Costa Rica, donde el Partido Acción Ciudadana (PAC) desplazó al tradicional Partido Liberación Nacional (PLN), y se posicionó una alternativa progresista representada po...
Uloženo v:
| Hlavní autor: | |
|---|---|
| Médium: | Text |
| Jazyk: | Spanish |
| Témata: | |
| Tagy: |
Přidat tag
Žádné tagy, Buďte první, kdo vytvoří štítek k tomuto záznamu!
|
MARC
| LEADER | 00000 a a2200000 04500 | ||
|---|---|---|---|
| 001 | 46514 | ||
| 003 | cru IIS | ||
| 005 | 20220517091100.0 | ||
| 008 | 220517b |||||||| |||| 00| 0 spa d | ||
| 040 | |c cru IIS | ||
| 090 | |a REV0712 (250) 2014 | ||
| 100 | |a Chaguaceda, Armando | ||
| 245 | |a La excepcionalidad costarricense en crisis: |b contienda electoral y alternativa progresista / |c Armando Chaguaceda | ||
| 520 | |a Este artículo pretende plasmar los realineamientos políticos presentados a partir de las elecciones presidenciales del año 2014 en Costa Rica, donde el Partido Acción Ciudadana (PAC) desplazó al tradicional Partido Liberación Nacional (PLN), y se posicionó una alternativa progresista representada por el Frente Amplio (FA). Para ello, detalla la agenda democratizadora y el accionar de la sociedad civil en lo que respecta a la participación política, la coyuntura política y el proceso electoral del 2014, y concluye señalando la renovación política y el "peligro comunista". | ||
| 590 | |a DISEMINAR072014/AMB/OCTUBRE2014 | ||
| 650 | |a A)NEOLIBERALISMO (TESAURO DE CIENCIAS SOCIALES) | ||
| 650 | |a B)ESTADO | ||
| 650 | |a C)SOCIEDAD CIVIL | ||
| 650 | |a D)GOBIERNO | ||
| 650 | |a E)POLITICA | ||
| 650 | |a F)PARTIDOS POLITICOS | ||
| 650 | |a G)SISTEMAS ELECTORALES | ||
| 650 | |a H)IZQUIERDA (CIDCACS) | ||
| 650 | |a I)COSTA RICA | ||
| 773 | |g número250 ( , 2014), páginas 14-27 | ||
| 942 | |2 z |c PP | ||
| 999 | |c 35676 |d 35676 | ||
